| Tag |
First Indicator |
Second Indicator |
Subfields |
| LEADER |
00000cgm a2200000Ii 4500 |
| 001 |
in00003508607 |
| 005 |
20151206123324.0 |
| 007 |
vd cvaizs |
| 008 |
141015s2014 xxu104 vleng d |
| 024 |
1 |
|
|a 013132617763
|
| 028 |
4 |
1 |
|a WC61776
|b Anchor Bay Entertainment
|
| 035 |
|
|
|a (OCoLC)ocn889881195
|
| 035 |
|
|
|a (OCoLC)889881195
|
| 040 |
|
|
|a DYJ
|b eng
|e rda
|c DYJ
|d TEF
|d OCLCQ
|d OCLCO
|d ZS3
|d RLS
|d VPI
|d TXA
|d UtOrBLW
|
| 041 |
1 |
|
|a eng
|j eng
|j spa
|h eng
|
| 043 |
|
|
|a n-us-ny
|
| 049 |
|
|
|a TXAM
|
| 050 |
|
4 |
|a PN1997.2
|b .B44 2014
|
| 082 |
0 |
4 |
|a 791.43/72
|2 23
|
| 090 |
|
|
|a PN1997.2
|b .B433 2014
|
| 130 |
0 |
|
|a Begin again (Motion picture)
|
| 245 |
1 |
0 |
|a Begin again /
|c The Weinstein Company and Exclusive Media present in association with Sycamore Pictures and Black Label Media ; written and directed by John Carney.
|
| 264 |
|
1 |
|a [United States] :
|b [publisher not identified],
|c [2014]
|
| 264 |
|
2 |
|a [United States] :
|b Anchor Bay Entertainment,
|c 2014.
|
| 264 |
|
4 |
|c ©2013
|
| 300 |
|
|
|a 1 videodisc (104 min.) :
|b sound, color ;
|c 4 3/4 in.
|
| 336 |
|
|
|a two-dimensional moving image
|b tdi
|2 rdacontent
|
| 337 |
|
|
|a video
|b v
|2 rdamedia
|
| 338 |
|
|
|a videodisc
|b vd
|2 rdacarrier
|
| 344 |
|
|
|a digital
|b optical
|2 rda
|
| 347 |
|
|
|a video file
|b DVD video
|2 rda
|
| 538 |
|
|
|a DVD; region 1.
|
| 546 |
|
|
|a English dialogue with optional Spanish subtitles; English subtitles for the deaf and hard of hearing.
|
| 500 |
|
|
|a Title from container.
|
| 511 |
1 |
|
|a Keira Knightley, Mark Ruffalo, Hailee Steinfeld, Adam Levine, James Corden, Catherine Keener.
|
| 521 |
8 |
|
|a Rating: R; for language.
|
| 520 |
|
|
|a British songwriter Gretta is adrift in Manhattan after getting dumped by her philandering rock star boyfriend. While playing at an open mic night at a local bar, she is discovered by struggling music producer Dan. Sensing her songwriting potential, Dan pushes Gretta to sign with him and record an ambitious outdoors album all across the city.
|
| 500 |
|
|
|a Special features: The making of Begin again; music videos including Adam Levine's "Lost stars."
|
| 650 |
|
0 |
|a Man-woman relationships
|v Drama.
|
| 650 |
|
0 |
|a Women singers
|z New York (State)
|z New York
|v Drama.
|
| 650 |
|
0 |
|a Lyricists
|z New York (State)
|z New York
|v Drama.
|
| 650 |
|
0 |
|a Sound recording executives and producers
|z New York (State)
|z New York
|v Drama.
|
| 651 |
|
0 |
|a New York (N.Y.)
|v Drama.
|
| 655 |
|
7 |
|a Romantic comedy films.
|2 lcgft
|
| 655 |
|
7 |
|a Feature films.
|2 lcgft
|
| 655 |
|
7 |
|a Fiction films.
|2 lcgft
|
| 655 |
|
7 |
|a Video recordings for the hearing impaired.
|2 lcgft
|
| 700 |
1 |
|
|a Carney, John,
|e film director.
|
| 700 |
1 |
|
|a Knightley, Keira,
|d 1985-
|e actor.
|
| 700 |
1 |
|
|a Ruffalo, Mark,
|e actor.
|
| 700 |
1 |
|
|a Steinfeld, Hailee,
|e actor.
|
| 700 |
1 |
|
|a Levine, Adam,
|d 1979-
|e actor.
|
| 700 |
1 |
|
|a Corden, James,
|e actor.
|
| 700 |
1 |
|
|a Keener, Catherine,
|e actor.
|
| 710 |
2 |
|
|a Weinstein Company.
|
| 710 |
2 |
|
|a Exclusive Media Group.
|
| 710 |
2 |
|
|a Sycamore Pictures.
|
| 710 |
2 |
|
|a Black Label Media.
|
| 710 |
2 |
|
|a Anchor Bay Entertainment, Inc.,
|e film distributor.
|
| 994 |
|
|
|a C0
|b TXA
|
| 948 |
|
|
|a cataloged
|b h
|c 2014/11/3
|d c
|e blrosas
|f 1:34:23 pm
|
| 999 |
|
|
|a MARS
|
| 999 |
f |
f |
|s 48790ee4-bae7-383f-8e4e-10acb0368557
|i 7a8a1a71-53d9-3ec5-9791-c2e35c2d4cf7
|t 0
|
| 952 |
f |
f |
|p dvd
|a Texas A&M University
|b College Station
|c Sterling C. Evans Library
|d Evans: Media and Reserves (Annex 1st floor)
|t 0
|e PN1997.2 .B433 2014
|h Library of Congress classification
|i video -- videodisc
|m A14842756448
|
| 998 |
f |
f |
|a PN1997.2 .B433 2014
|t 0
|l Evans: Media and Reserves (Annex 1st floor)
|